| 000 | 00668nam a22002057a 4500 | ||
|---|---|---|---|
| 999 |
_c14791 _d14791 |
||
| 003 | AR-CdUCM | ||
| 008 | 190424b ||||| |||| 00| 0 spa d | ||
| 020 | _a978-607-618-190-4 | ||
| 040 |
_aMUNICIPALIDAD PROVINCIAL DEL CUSCO _cBIBLIOTECA MUNICIPAL DEL CUSCO |
||
| 041 | _heng | ||
| 082 |
_aPI / 376.1 / _bP51 |
||
| 110 |
_aPhidal publishing _932928 |
||
| 245 |
_aDoctora juguetes : _bLenny se siente mal / |
||
| 260 |
_aMéxico : _bDisney junior, _c2015. |
||
| 300 |
_a8 páginas ; _bIlustraciones, _c18 cm. |
||
| 650 |
_aLiteratura infantil _9588 |
||
| 700 |
_aPuente Montelongo, Elizabeth (traducción) _932822 |
||
| 942 |
_2ddc _cLIBROS |
||
| 945 |
_aacv _d2019-04-24 |
||